000 01673cam a2200469 i 4500
001 11948
003 KOSZ 005
005 20240903084439.0
008 240822s1969 pl a f e 000 0 pol
015 _aPB 1969/10220
035 _a991037401819705066
035 _ab20030824
035 _a(OCoLC)830898719
035 _a(PL)b0000002003082
035 _a(EXLNZ-48OMNIS_NETWORK)9910039173005606
040 _aWA N
_cWA N
_dKOSZ 005/RW
_dKOSZ 005/HR
046 _k1969
080 _a620.1/.2
080 _a(03)
245 0 0 _aEncyklopedia techniki :
_bmateriałoznawstwo /
_credaktor naczelny Heliodor Chmielewski ; [autorzy: Witold Bańkowski et al.] ; redaktor główny Jan Zienkowicz.
246 3 0 _aMateriałoznawstwo
250 _aWydanie I.
260 _aWarszawa :
_bWydawnictwa Naukowo-Techniczne,
_c1969.
300 _aX, [2], 911, [1] stron :
_bilustracje ;
_c25 cm.
336 _aTekst
_btxt
_2rdacontent
337 _aBez urządzenia pośredniczącego
_bn
_2rdamedia
338 _aWolumin
_bnc
_2rdacarrier
380 _aKsiążki
380 _aPublikacje informacyjne
388 1 _a1901-2000
388 1 _a1945-1989
504 _aBibliografia na stronach [872]-877.
650 7 _aMateriałoznawstwo
655 7 _aEncyklopedia
658 _aInżynieria i technika
700 1 _aBańkowski, Witold
_eAutor
700 1 _aChmielewski, Heliodor
_d(1911-1981)
_eRedakcja
700 1 _aZienkowicz, Jan
_eRedakcja
710 2 _aWydawnictwa Naukowo-Techniczne
_4pbl
856 _uhttp://koha.tu.koszalin.pl/cgi-bin/koha/opac-detail.pl?biblionumber=11948
_yKatalog online BPK
942 _2UKD
_cKS
999 _c11948
_d11948